Citations célèbres - Statistiques

Statistiques générales
  • Ce quiz a été pris 134 fois
  • Le résultat moyen est 10 sur 15
Statistiques - réponses
Question Réponse % Correct
Je pense, donc je suis. René Descartes
92%
Paris outragé ! Paris brisé ! Paris martyrisé ! Mais Paris libéré ! Charles de Gaulle
91%
C'est un petit pas pour l'homme, un bond de géant pour l'humanité. Neil Armstrong
90%
Eurêka ! Archimède
81%
Après avoir vu ça, on peut mourir tranquille. Thierry Roland
79%
On ne naît pas femme, on le devient. Simone de Beauvoir
68%
Quand 900 ans tu auras comme moi, moins en forme tu seras. Yoda
68%
Souviens-toi du vase de Soissons Clovis
66%
On ne voit bien qu'avec le cœur. L'essentiel est invisible avec les yeux. Antoine de Saint-Exupery
63%
Ralliez-vous a mon panache blanc. Henri IV
60%
Je vous demande de vous arrêter ! Edouard Balladur
56%
Le cœur a ses raisons que la raison ne connaît point. Blaise Pascal
54%
Un seul être vous manque et tout est dépeuplé Alphonse de Lamartine
49%
Si vous cherchez un homme beau, riche et intelligent… prenez-en trois ! Coluche
44%
L'Etat, c'est moi ! Louis XIV
43%
Aucun quiz correspondant
Distribution des résultats
% des personnes avec chaque résultat
Percentile par nombre de réponses
Votre historique - résultats
Vous n’avez pas pris ce quiz